[Event "MP do lat 18 - dziewczeta"]
[Site "Sypniewo"]
[Date "2022.03.25"]
[Round "7.4"]
[White "Goraj, Barbara"]
[Black "Pisarek, Elzbieta"]
[Result "1-0"]
[BlackElo "1704"]
[WhiteElo "2078"]
[LiveChessVersion "1.4.8"]

1. c4 {[%clk 1:30:57]} c5 {[%clk 1:30:41]} 2. Nf3 {[%clk 1:31:17]} Nf6
{[%clk 1:30:32]} 3. g3 {[%clk 1:30:14]} Nc6 {[%clk 1:30:12]} 4. Bg2
{[%clk 1:29:26]} d5 {[%clk 1:29:44]} 5. cxd5 {[%clk 1:28:47]} Nxd5
{[%clk 1:30:09]} 6. b3 {[%clk 1:26:37]} e5 {[%clk 1:25:13]} 7. d3
{[%clk 1:25:38]} Bd6 {[%clk 1:09:17]} 8. O-O {[%clk 1:23:23]} O-O
{[%clk 1:09:18]} 9. Bb2 {[%clk 1:22:36]} Be6 {[%clk 1:02:29]} 10. Nbd2
{[%clk 1:19:35]} f6 {[%clk 0:58:22]} 11. e3 {[%clk 1:09:51]} f5 {[%clk 0:35:35]}
12. Nc4 {[%clk 1:04:12]} Qc7 {[%clk 0:30:21]} 13. Ng5 {[%clk 0:50:29]} Qe7
{[%clk 0:29:54]} 14. Nxe6 {[%clk 0:44:58]} Qxe6 {[%clk 0:29:55]} 15. e4
{[%clk 0:39:55]} Nde7 {[%clk 0:27:06]} 16. exf5 {[%clk 0:39:41]} Nxf5
{[%clk 0:26:21]} 17. Ne3 {[%clk 0:38:51]} Nxe3 {[%clk 0:25:50]} 18. fxe3
{[%clk 0:39:12]} Bc7 {[%clk 0:22:32]} 19. Qe2 {[%clk 0:36:09]} Rad8
{[%clk 0:18:05]} 20. Be4 {[%clk 0:35:07]} b6 {[%clk 0:17:20]} 21. Qg2
{[%clk 0:32:25]} Ne7 {[%clk 0:15:44]} 22. g4 {[%clk 0:32:12]} Qh6
{[%clk 0:07:51]} 23. Qg3 {[%clk 0:30:44]} Qe6 {[%clk 0:07:33]} 24. Rad1
{[%clk 0:17:20]} Bb8 {[%clk 0:04:43]} 25. Qh3 {[%clk 0:11:10]} g6
{[%clk 0:04:53]} 26. Qg2 {[%clk 0:11:34]} Nd5 {[%clk 0:02:37]} 27. Rxf8+
{[%clk 0:06:01]} Kxf8 {[%clk 0:03:05]} 28. Qf3+ {[%clk 0:06:10]} Kg7
{[%clk 0:03:06]} 29. Bxd5 {[%clk 0:04:55]} Qxd5 {[%clk 0:03:15]} 30. Qxd5
{[%clk 0:04:46]} Rxd5 {[%clk 0:03:44]} 31. Kf2 {[%clk 0:05:07]} Kf7
{[%clk 0:03:39]} 32. Kf3 {[%clk 0:04:57]} Ke6 {[%clk 0:03:42]} 33. Ke4
{[%clk 0:04:54]} Rd8 {[%clk 0:03:18]} 34. Rf1 {[%clk 0:04:53]} Rc8
{[%clk 0:01:45]} 35. g5 {[%clk 0:04:47]} Rd8 {[%clk 0:01:56]} 36. Rf6+
{[%clk 0:04:40]} Ke7 {[%clk 0:02:04]} 37. h4 {[%clk 0:04:50]} Rd7
{[%clk 0:01:05]} 38. h5 {[%clk 0:00:54]} gxh5 {[%clk 0:01:23]} 39. Rh6
{[%clk 0:00:51]} Kf8 {[%clk 0:01:25]} 40. Rxh5 {[%clk 0:30:32]} Kg7
{[%clk 0:31:20]} 41. Rh6 {[%clk 0:29:25]} Kg8 {[%clk 0:24:02]} 42. Re6
{[%clk 0:22:24]} Kf7 {[%clk 0:22:47]} 43. Rf6+ {[%clk 0:22:05]} Kg7
{[%clk 0:21:47]} 44. Rf5 {[%clk 0:20:37]} Kg6 {[%clk 0:17:55]} 45. Bxe5
{[%clk 0:17:34]} Bxe5 {[%clk 0:17:41]} 46. Rxe5 {[%clk 0:17:55]} Rf7
{[%clk 0:15:25]} 47. d4 {[%clk 0:16:38]} cxd4 {[%clk 0:15:33]} 48. exd4
{[%clk 0:15:13]} Rf2 {[%clk 0:13:35]} 49. d5 {[%clk 0:13:43]} Rd2
{[%clk 0:09:19]} 50. Kf4 {[%clk 0:09:45]} Rd4+ {[%clk 0:08:56]} 51. Ke3
{[%clk 0:08:10]} Rd1 {[%clk 0:08:59]} 52. a4 {[%clk 0:06:54]} Kf7
{[%clk 0:06:43]} 53. Ke4 {[%clk 0:06:11]} Kg6 {[%clk 0:06:29]} 54. Re6+
{[%clk 0:05:04]} Kxg5 {[%clk 0:05:28]} 55. d6 {[%clk 0:01:13]} h5
{[%clk 0:03:22]} 56. Ke5 {[%clk 0:01:26]} h4 {[%clk 0:02:42]} 57. Re7
{[%clk 0:01:48]} h3 {[%clk 0:02:36]} 58. Rh7 {[%clk 0:00:56]} Kg4
{[%clk 0:00:51]} 59. d7 {[%clk 0:01:11]} h2 {[%clk 0:01:01]} 60. Ke6
{[%clk 0:01:12]} Re1+ {[%clk 0:00:42]} 61. Kd6 {[%clk 0:00:39]} Rd1+
{[%clk 0:00:57]} 62. Kc7 {[%clk 0:01:03]} Rc1+ {[%clk 0:01:00]} 63. Kb8
{[%clk 0:00:36]} Rd1 {[%clk 0:01:00]} 64. Kc7 {[%clk 0:00:35]} Rc1+
{[%clk 0:01:15]} 65. Kb7 {[%clk 0:01:00]} Rd1 {[%clk 0:01:34]} 66. Rxh2
{[%clk 0:00:47]} Rxd7+ {[%clk 0:01:56]} 67. Ka6 {[%clk 0:01:13]} Rd3
{[%clk 0:00:57]} 68. Rb2 {[%clk 0:01:37]} Rd7 {[%clk 0:01:16]} 69. b4
{[%clk 0:01:58]} Kf5 {[%clk 0:01:10]} 70. b5 {[%clk 0:01:44]} Ke5
{[%clk 0:01:03]} 71. Rc2 {[%clk 0:02:01]} Rf7 {[%clk 0:00:39]} 72. Rd2
{[%clk 0:01:42]} Ke6 {[%clk 0:00:42]} 73. Rd8 {[%clk 0:01:40]} Rc7
{[%clk 0:00:40]} 74. Ra8 {[%clk 0:01:38]} Rc4 {[%clk 0:00:59]} 75. Rxa7
{[%clk 0:01:47]} Rxa4+ {[%clk 0:01:16]} 76. Kxb6 {[%clk 0:02:13]} Rb4
{[%clk 0:01:31]} 77. Rc7 {[%clk 0:02:29]} Rb1 {[%clk 0:01:26]} 78. Rc2
{[%clk 0:02:54]} Kd7 {[%clk 0:01:15]} 79. Ka6 {[%clk 0:03:19]} Ra1+
{[%clk 0:01:32]} 80. Kb7 {[%clk 0:03:45]} Rb1 {[%clk 0:01:28]} 81. b6
{[%clk 0:04:11]} Kd6 {[%clk 0:01:05]} 82. Ka7 {[%clk 0:04:31]} Ra1+
{[%clk 0:01:25]} 83. Kb8 {[%clk 0:03:54]} Rb1 {[%clk 0:01:40]} 84. b7
{[%clk 0:03:27]} Kd7 {[%clk 0:01:38]} 85. Rd2+ {[%clk 0:03:34]} Kc6
{[%clk 0:01:50]} 86. Kc8 {[%clk 0:03:42]} Rg1 {[%clk 0:00:34]} 87. b8=Q
{[%clk 0:03:39]} 1-0

[Event "MP do lat 18 - dziewczeta"]
[Site "Sypniewo"]
[Date "2022.03.25"]
[Round "7.5"]
[White "Matusik, Zuzanna"]
[Black "Dylag, Emilia"]
[Result "0-1"]
[BlackElo "2003"]
[WhiteElo "1286"]
[LiveChessVersion "1.4.8"]

1. e4 {[%clk 1:30:58]} e5 {[%clk 1:30:56]} 2. Nf3 {[%clk 1:31:22]} Nc6
{[%clk 1:31:20]} 3. Bc4 {[%clk 1:31:44]} Nf6 {[%clk 1:31:43]} 4. d3
{[%clk 1:31:57]} h6 {[%clk 1:32:07]} 5. O-O {[%clk 1:31:38]} d6 {[%clk 1:32:25]}
6. c3 {[%clk 1:31:30]} g5 {[%clk 1:32:39]} 7. Be3 {[%clk 1:30:18]} Bg7
{[%clk 1:30:45]} 8. Nbd2 {[%clk 1:27:16]} O-O {[%clk 1:27:59]} 9. d4
{[%clk 1:25:05]} Bg4 {[%clk 1:22:12]} 10. Be2 {[%clk 1:14:58]} Re8
{[%clk 1:17:00]} 11. dxe5 {[%clk 1:08:43]} dxe5 {[%clk 1:16:41]} 12. b4
{[%clk 1:06:44]} Nd7 {[%clk 1:02:15]} 13. Qb3 {[%clk 1:04:25]} Qe7
{[%clk 1:00:43]} 14. Rfe1 {[%clk 1:01:40]} Be6 {[%clk 0:58:08]} 15. Bc4
{[%clk 0:58:55]} g4 {[%clk 0:54:29]} 16. Bxe6 {[%clk 0:53:07]} fxe6
{[%clk 0:54:47]} 17. Red1 {[%clk 0:52:57]} gxf3 {[%clk 0:54:53]} 18. Nxf3
{[%clk 0:53:23]} Rad8 {[%clk 0:53:40]} 19. Rd3 {[%clk 0:51:38]} Nf8
{[%clk 0:51:36]} 20. Rad1 {[%clk 0:47:46]} Rxd3 {[%clk 0:51:31]} 21. Rxd3
{[%clk 0:48:10]} Rd8 {[%clk 0:50:02]} 22. Bc5 {[%clk 0:48:28]} Qe8
{[%clk 0:49:58]} 23. Rxd8 {[%clk 0:47:26]} Nxd8 {[%clk 0:49:55]} 24. h3
{[%clk 0:47:49]} Qc6 {[%clk 0:48:32]} 25. Qc2 {[%clk 0:47:27]} b6
{[%clk 0:48:08]} 26. Be3 {[%clk 0:47:50]} Nf7 {[%clk 0:47:21]} 27. Nh2
{[%clk 0:47:17]} Nd6 {[%clk 0:46:54]} 28. f3 {[%clk 0:46:08]} Ng6
{[%clk 0:46:22]} 29. Qd2 {[%clk 0:44:10]} Kh7 {[%clk 0:45:37]} 30. Qe1
{[%clk 0:43:27]} Qc4 {[%clk 0:44:06]} 31. Ng4 {[%clk 0:42:49]} h5
{[%clk 0:42:38]} 32. Nh2 {[%clk 0:42:12]} Qd3 {[%clk 0:42:07]} 33. Nf1
{[%clk 0:41:25]} Nc4 {[%clk 0:40:12]} 34. Bc1 {[%clk 0:40:39]} Bh6
{[%clk 0:38:04]} 35. Bxh6 {[%clk 0:38:33]} Kxh6 {[%clk 0:38:29]} 36. h4
{[%clk 0:37:41]} Nf4 {[%clk 0:37:46]} 37. Kh2 {[%clk 0:36:27]} Qd8
{[%clk 0:35:48]} 38. g3 {[%clk 0:34:46]} Ng6 {[%clk 0:33:31]} 39. a4
{[%clk 0:34:58]} Qd3 {[%clk 0:33:02]} 40. Kg2 {[%clk 1:03:11]} a6
{[%clk 1:02:18]} 41. b5 {[%clk 1:02:06]} a5 {[%clk 1:02:41]} 42. Qc1+
{[%clk 0:58:50]} Kg7 {[%clk 1:03:05]} 43. Qe1 {[%clk 0:58:12]} Nb2
{[%clk 1:01:39]} 44. c4 {[%clk 0:54:49]} Nxa4 {[%clk 1:01:33]} 45. f4
{[%clk 0:53:09]} exf4 {[%clk 1:01:22]} 46. gxf4 {[%clk 0:50:55]} Nxf4+
{[%clk 1:01:45]} 47. Kg1 {[%clk 0:50:09]} Nc3 {[%clk 1:01:43]} 48. Ne3
{[%clk 0:49:51]} Nce2+ {[%clk 1:01:04]} 49. Kf2 {[%clk 0:49:20]} Qxe4
{[%clk 1:01:13]} 50. Qd1 {[%clk 0:49:19]} Nd4 {[%clk 1:00:44]} 51. Qg1+
{[%clk 0:48:17]} Kh7 {[%clk 1:01:08]} 52. Qg3 {[%clk 0:47:49]} Nd3+
{[%clk 1:01:06]} 53. Kf1 {[%clk 0:47:25]} Qh1+ {[%clk 1:01:28]} 0-1

[Event "MP do lat 18 - dziewczeta"]
[Site "Sypniewo"]
[Date "2022.03.25"]
[Round "7.6"]
[White "Mirowska, Oliwia"]
[Black "Bugaj, Hanna"]
[Result "0-1"]
[BlackElo "1782"]
[WhiteElo "1738"]
[LiveChessVersion "1.4.8"]

1. d4 {[%clk 1:30:57]} d5 {[%clk 1:30:54]} 2. Bf4 {[%clk 1:31:21]} Nf6
{[%clk 1:31:13]} 3. e3 {[%clk 1:31:40]} c5 {[%clk 1:31:33]} 4. dxc5
{[%clk 1:31:49]} Nc6 {[%clk 1:31:49]} 5. Bb5 {[%clk 1:28:23]} e6 {[%clk 1:32:07]}
6. b4 {[%clk 1:25:33]} a5 {[%clk 1:32:04]} 7. c3 {[%clk 1:25:21]} Bd7
{[%clk 1:32:09]} 8. Nf3 {[%clk 1:19:19]} axb4 {[%clk 1:31:19]} 9. Bxc6
{[%clk 1:19:14]} Bxc6 {[%clk 1:31:39]} 10. cxb4 {[%clk 1:19:08]} b6
{[%clk 1:31:46]} 11. O-O {[%clk 0:58:44]} bxc5 {[%clk 1:29:24]} 12. bxc5
{[%clk 0:58:42]} Bxc5 {[%clk 1:21:49]} 13. Nc3 {[%clk 0:57:49]} O-O
{[%clk 1:19:53]} 14. Nd4 {[%clk 0:50:07]} Bd7 {[%clk 1:13:44]} 15. Be5
{[%clk 0:47:29]} Qa5 {[%clk 1:06:31]} 16. Nb3 {[%clk 0:43:53]} Qa7
{[%clk 0:59:20]} 17. Bxf6 {[%clk 0:40:10]} gxf6 {[%clk 0:59:26]} 18. Qf3
{[%clk 0:37:46]} Be7 {[%clk 0:54:15]} 19. Ne2 {[%clk 0:36:15]} Bb5
{[%clk 0:40:43]} 20. Nbd4 {[%clk 0:35:43]} Bxe2 {[%clk 0:37:47]} 21. Qxe2
{[%clk 0:35:39]} Qa6 {[%clk 0:32:57]} 22. Qh5 {[%clk 0:32:55]} Qd3
{[%clk 0:31:21]} 23. Qh3 {[%clk 0:30:52]} Bc5 {[%clk 0:24:25]} 24. Nb3
{[%clk 0:29:29]} Bb6 {[%clk 0:21:35]} 25. Qf3 {[%clk 0:27:37]} Qg6
{[%clk 0:13:03]} 26. a4 {[%clk 0:26:04]} Kh8 {[%clk 0:10:00]} 27. a5
{[%clk 0:24:43]} Bc7 {[%clk 0:09:04]} 28. Ra4 {[%clk 0:23:26]} f5
{[%clk 0:08:01]} 29. e4 {[%clk 0:15:39]} Be5 {[%clk 0:03:44]} 30. exd5
{[%clk 0:14:48]} Rac8 {[%clk 0:03:47]} 31. Qe2 {[%clk 0:12:29]} Bb8
{[%clk 0:01:24]} 32. dxe6 {[%clk 0:11:55]} fxe6 {[%clk 0:01:28]} 33. f4
{[%clk 0:08:16]} e5 {[%clk 0:00:43]} 34. fxe5 {[%clk 0:06:07]} Rfe8
{[%clk 0:00:59]} 35. Qf3 {[%clk 0:04:33]} Rxe5 {[%clk 0:00:55]} 36. Qb7
{[%clk 0:02:57]} Rce8 {[%clk 0:00:57]} 37. a6 {[%clk 0:01:36]} R5e7
{[%clk 0:00:59]} 38. Qb4 {[%clk 0:01:29]} Ba7+ {[%clk 0:01:15]} 39. Kh1
{[%clk 0:01:27]} Re2 {[%clk 0:01:05]} 40. Qc3+ {[%clk 0:31:19]} Kg8
{[%clk 0:31:25]} 41. Qf3 {[%clk 0:29:56]} R2e3 {[%clk 0:18:57]} 42. Qb7
{[%clk 0:26:06]} R8e7 {[%clk 0:14:06]} 43. Qd5+ {[%clk 0:22:49]} Qe6
{[%clk 0:05:17]} 44. Qa8+ {[%clk 0:12:39]} Kf7 {[%clk 0:04:57]} 45. Nd2
{[%clk 0:05:41]} Re1 {[%clk 0:04:56]} 46. Ra1 {[%clk 0:05:31]} Rxa1
{[%clk 0:05:06]} 47. Rxa1 {[%clk 0:05:18]} Qe1+ {[%clk 0:05:20]} 48. Nf1
{[%clk 0:05:44]} Qxa1 {[%clk 0:05:29]} 0-1

[Event "MP do lat 18 - dziewczeta"]
[Site "Sypniewo"]
[Date "2022.03.25"]
[Round "7.7"]
[White "Lochina, Justyna"]
[Black "Hertlein, Irena"]
[Result "1/2-1/2"]
[BlackElo "1925"]
[WhiteElo "1646"]
[LiveChessVersion "1.4.8"]

1. e4 {[%clk 1:30:58]} c5 {[%clk 1:30:55]} 2. Nf3 {[%clk 1:31:22]} Nc6
{[%clk 1:31:16]} 3. d4 {[%clk 1:31:39]} cxd4 {[%clk 1:31:40]} 4. Nxd4
{[%clk 1:31:57]} Nf6 {[%clk 1:31:55]} 5. Nc3 {[%clk 1:31:45]} e6 {[%clk 1:32:15]}
6. Ndb5 {[%clk 1:28:18]} Bc5 {[%clk 1:32:26]} 7. Bf4 {[%clk 1:15:50]} O-O
{[%clk 1:32:07]} 8. Bd6 {[%clk 0:59:35]} Qb6 {[%clk 1:31:19]} 9. Bxc5
{[%clk 0:57:23]} Qxc5 {[%clk 1:30:33]} 10. Qd6 {[%clk 0:52:45]} Qb6
{[%clk 1:29:21]} 11. Qc7 {[%clk 0:50:01]} Qxc7 {[%clk 1:27:36]} 12. Nxc7
{[%clk 0:50:23]} Rb8 {[%clk 1:28:03]} 13. N7b5 {[%clk 0:47:43]} d5
{[%clk 1:10:58]} 14. exd5 {[%clk 0:41:28]} Nb4 {[%clk 1:10:47]} 15. O-O-O
{[%clk 0:39:13]} a6 {[%clk 0:52:17]} 16. Nd4 {[%clk 0:31:25]} Nbxd5
{[%clk 0:51:06]} 17. Nxd5 {[%clk 0:28:21]} Nxd5 {[%clk 0:51:23]} 18. g3
{[%clk 0:25:38]} b5 {[%clk 0:47:40]} 19. Bg2 {[%clk 0:23:43]} Bb7
{[%clk 0:45:56]} 20. Rd2 {[%clk 0:18:04]} Rfc8 {[%clk 0:42:51]} 21. Nf5
{[%clk 0:14:37]} Rc7 {[%clk 0:31:37]} 22. Rhd1 {[%clk 0:10:54]} Kf8
{[%clk 0:30:35]} 23. Ne3 {[%clk 0:08:00]} Nxe3 {[%clk 0:29:27]} 24. fxe3
{[%clk 0:08:17]} Bxg2 {[%clk 0:29:28]} 25. Rxg2 {[%clk 0:08:35]} Ke7
{[%clk 0:29:02]} 26. Rd3 {[%clk 0:06:25]} Rd8 {[%clk 0:23:36]} 27. Rxd8
{[%clk 0:05:04]} Kxd8 {[%clk 0:24:05]} 28. Rd2+ {[%clk 0:03:54]} Ke7
{[%clk 0:22:20]} 29. Rd4 {[%clk 0:01:44]} f5 {[%clk 0:18:54]} 30. a4
{[%clk 0:01:03]} g5 {[%clk 0:15:54]} 31. axb5 {[%clk 0:00:55]} axb5
{[%clk 0:16:23]} 32. Rb4 {[%clk 0:01:00]} Rc5 {[%clk 0:15:53]} 33. Kd2
{[%clk 0:01:01]} Kd6 {[%clk 0:14:48]} 34. b3 {[%clk 0:00:43]} Rd5+
{[%clk 0:13:33]} 35. Rd4 {[%clk 0:00:36]} e5 {[%clk 0:13:28]} 36. Rxd5+
{[%clk 0:00:37]} Kxd5 {[%clk 0:13:57]} 37. Kd3 {[%clk 0:00:34]} e4+
{[%clk 0:11:46]} 38. Kd2 {[%clk 0:00:35]} h5 {[%clk 0:03:38]} 39. Ke2
{[%clk 0:00:35]} b4 {[%clk 0:01:59]} 40. Kd2 {[%clk 0:30:36]} h4 {[%clk 0:30:37]}
41. c3 {[%clk 0:14:14]} bxc3+ {[%clk 0:26:43]} 42. Kxc3 {[%clk 0:14:04]} hxg3
{[%clk 0:26:05]} 43. hxg3 {[%clk 0:14:15]} Kc5 1/2-1/2

[Event "MP do lat 18 - dziewczeta"]
[Site "Sypniewo"]
[Date "2022.03.25"]
[Round "7.8"]
[White "Nowak, Roksana"]
[Black "Krzyzosiak, Marta"]
[Result "1-0"]
[BlackElo "1698"]
[WhiteElo "1669"]
[LiveChessVersion "1.4.8"]

1. e4 {[%clk 1:30:57]} c5 {[%clk 1:30:55]} 2. Nf3 {[%clk 1:31:23]} d6
{[%clk 1:31:16]} 3. d4 cxd4 {[%clk 1:31:38]} 4. Nxd4 {[%clk 1:32:14]} Nf6
{[%clk 1:31:59]} 5. Nc3 {[%clk 1:32:36]} a6 {[%clk 1:32:23]} 6. Bg5
{[%clk 1:32:50]} e6 {[%clk 1:32:38]} 7. f4 {[%clk 1:33:11]} h6 {[%clk 1:33:00]}
8. Bh4 {[%clk 1:33:37]} Qb6 {[%clk 1:33:11]} 9. Qd2 {[%clk 1:33:35]} Qxb2
{[%clk 1:32:36]} 10. Rb1 {[%clk 1:34:01]} Qa3 {[%clk 1:32:37]} 11. e5
{[%clk 1:33:42]} dxe5 {[%clk 1:25:59]} 12. fxe5 {[%clk 1:34:06]} g5
{[%clk 1:24:14]} 13. exf6 {[%clk 1:34:10]} gxh4 {[%clk 1:24:32]} 14. Be2
{[%clk 1:33:48]} Qa5 {[%clk 1:18:06]} 15. Nb3 {[%clk 1:33:30]} Qg5
{[%clk 1:11:47]} 16. Ne4 {[%clk 1:32:25]} Qxd2+ {[%clk 1:10:05]} 17. Nbxd2
{[%clk 1:32:32]} Nd7 {[%clk 1:03:33]} 18. Nc4 {[%clk 1:29:41]} b5
{[%clk 0:57:31]} 19. Ncd6+ {[%clk 1:26:00]} Bxd6 {[%clk 0:57:48]} 20. Nxd6+
{[%clk 1:26:27]} Kf8 {[%clk 0:58:07]} 21. O-O {[%clk 1:14:50]} Ne5
{[%clk 0:30:31]} 22. Rbe1 {[%clk 0:58:54]} h3 {[%clk 0:15:20]} 23. g3
{[%clk 0:52:06]} Nc4 {[%clk 0:08:02]} 24. Bf3 {[%clk 0:49:32]} Rb8
{[%clk 0:07:26]} 25. Nxc4 {[%clk 0:49:51]} bxc4 {[%clk 0:07:17]} 26. Rd1
{[%clk 0:50:08]} Ke8 {[%clk 0:00:43]} 27. Bc6+ {[%clk 0:50:19]} Bd7
{[%clk 0:00:56]} 28. Rxd7 1-0

[Event "MP do lat 18 - dziewczeta"]
[Site "Sypniewo"]
[Date "2022.03.25"]
[Round "7.9"]
[White "Lukasik, Zuzanna"]
[Black "Jedrzejko, Martyna"]
[Result "1/2-1/2"]
[BlackElo "1517"]
[WhiteElo "1786"]
[LiveChessVersion "1.4.8"]

1. e4 {[%clk 1:30:58]} e6 {[%clk 1:30:50]} 2. d4 {[%clk 1:30:30]} d5
{[%clk 1:31:07]} 3. Nd2 {[%clk 1:30:21]} dxe4 {[%clk 1:31:05]} 4. Nxe4
{[%clk 1:30:40]} Bd7 {[%clk 1:31:21]} 5. Nf3 {[%clk 1:29:50]} Bc6
{[%clk 1:30:59]} 6. Bd3 {[%clk 1:29:18]} Nd7 {[%clk 1:30:43]} 7. O-O
{[%clk 1:27:59]} Ngf6 {[%clk 1:30:49]} 8. Ng3 {[%clk 1:26:09]} Be7
{[%clk 1:30:54]} 9. Re1 {[%clk 1:24:41]} O-O {[%clk 1:29:37]} 10. c3
{[%clk 1:24:22]} Re8 {[%clk 1:21:30]} 11. Bc2 {[%clk 1:17:46]} Bd5
{[%clk 1:04:57]} 12. Qd3 {[%clk 1:03:55]} Bxf3 {[%clk 1:02:03]} 13. Qxf3
{[%clk 1:04:11]} c6 {[%clk 1:02:07]} 14. a3 {[%clk 0:54:35]} Nf8 {[%clk 0:55:55]}
15. Ne4 {[%clk 0:45:45]} Ng6 {[%clk 0:54:13]} 16. Qd3 {[%clk 0:33:38]} Qd5
{[%clk 0:39:38]} 17. Qf3 {[%clk 0:16:29]} a5 {[%clk 0:22:58]} 18. a4
{[%clk 0:13:43]} Nxe4 {[%clk 0:14:09]} 19. Bxe4 {[%clk 0:12:53]} Qd7
{[%clk 0:13:38]} 20. Bxg6 {[%clk 0:08:49]} hxg6 {[%clk 0:10:11]} 21. Qg4
{[%clk 0:07:44]} Bf6 {[%clk 0:05:44]} 22. Bg5 {[%clk 0:07:10]} Qd5
{[%clk 0:05:05]} 23. Bxf6 {[%clk 0:06:35]} gxf6 {[%clk 0:05:04]} 24. Re3
{[%clk 0:03:25]} Kg7 {[%clk 0:05:06]} 25. Qe4 {[%clk 0:02:25]} Qxe4
{[%clk 0:03:31]} 26. Rxe4 {[%clk 0:02:50]} b5 {[%clk 0:02:44]} 27. axb5
{[%clk 0:02:17]} cxb5 {[%clk 0:03:12]} 28. Kf1 {[%clk 0:01:31]} Rec8
{[%clk 0:02:44]} 29. Re3 {[%clk 0:01:20]} Kf8 {[%clk 0:02:34]} 30. Ke2
{[%clk 0:01:32]} Ke7 {[%clk 0:02:52]} 31. Kd2 {[%clk 0:01:33]} Kd6
{[%clk 0:02:55]} 32. b3 {[%clk 0:01:08]} 1/2-1/2

[Event "MP do lat 18 - dziewczeta"]
[Site "Sypniewo"]
[Date "2022.03.25"]
[Round "7.10"]
[White "Kudlak, Julia"]
[Black "Siekanska, Zuzanna"]
[Result "0-1"]
[BlackElo "1756"]
[WhiteElo "1579"]
[LiveChessVersion "1.4.8"]

1. e4 {[%clk 1:30:58]} e5 {[%clk 1:29:27]} 2. Nf3 {[%clk 1:31:18]} Nc6
{[%clk 1:29:51]} 3. Bb5 {[%clk 1:31:23]} a6 {[%clk 1:30:09]} 4. Ba4
{[%clk 1:31:44]} d6 {[%clk 1:30:27]} 5. d3 {[%clk 1:28:30]} Bd7 {[%clk 1:30:05]}
6. a3 {[%clk 1:27:23]} g6 {[%clk 1:29:37]} 7. Bb3 {[%clk 1:26:04]} h6
{[%clk 1:23:23]} 8. O-O {[%clk 1:23:41]} Bg7 {[%clk 1:22:44]} 9. Nc3
{[%clk 1:23:41]} Nf6 {[%clk 1:22:31]} 10. Nd5 {[%clk 1:22:58]} Ne7
{[%clk 1:10:36]} 11. Re1 {[%clk 1:15:49]} Nfxd5 {[%clk 1:09:20]} 12. exd5
{[%clk 1:16:05]} f5 {[%clk 1:07:39]} 13. h3 {[%clk 1:03:12]} O-O {[%clk 1:01:32]}
14. d4 {[%clk 0:55:40]} e4 {[%clk 0:59:53]} 15. Nh2 {[%clk 0:53:52]} g5
{[%clk 0:57:52]} 16. f3 {[%clk 0:44:24]} exf3 {[%clk 0:54:00]} 17. Nxf3
{[%clk 0:42:40]} Ng6 {[%clk 0:53:44]} 18. Nh2 {[%clk 0:35:21]} Qf6
{[%clk 0:51:17]} 19. Be3 {[%clk 0:32:45]} Rae8 {[%clk 0:50:43]} 20. c3
{[%clk 0:31:46]} Re7 {[%clk 0:42:55]} 21. Qd2 {[%clk 0:31:04]} Rfe8
{[%clk 0:39:15]} 22. Bc2 {[%clk 0:29:05]} Nf8 {[%clk 0:29:44]} 23. Nf1
{[%clk 0:24:27]} f4 {[%clk 0:27:43]} 24. Bf2 {[%clk 0:24:07]} Bf5
{[%clk 0:25:05]} 25. Rxe7 {[%clk 0:21:55]} Rxe7 {[%clk 0:25:21]} 26. Re1
{[%clk 0:20:58]} Rxe1 {[%clk 0:24:27]} 27. Bxe1 {[%clk 0:20:59]} Nd7
{[%clk 0:23:57]} 28. Nh2 {[%clk 0:19:57]} Nb6 {[%clk 0:22:25]} 29. Bb3
{[%clk 0:17:08]} Qe7 {[%clk 0:18:43]} 30. Bf2 {[%clk 0:16:19]} Qe4
{[%clk 0:18:22]} 31. Nf3 {[%clk 0:13:40]} Nxd5 {[%clk 0:16:15]} 32. Ne1
{[%clk 0:11:03]} Kh8 {[%clk 0:14:53]} 33. Bc2 {[%clk 0:10:27]} Qe6
{[%clk 0:15:15]} 34. Bxf5 {[%clk 0:08:51]} Qxf5 {[%clk 0:15:39]} 35. Qd3
{[%clk 0:08:38]} Qxd3 {[%clk 0:15:52]} 36. Nxd3 {[%clk 0:09:07]} Kg8
{[%clk 0:14:34]} 37. Kf1 {[%clk 0:09:24]} Kf7 {[%clk 0:14:43]} 38. Ke2
{[%clk 0:09:33]} Kg6 {[%clk 0:11:22]} 39. c4 {[%clk 0:07:41]} Ne7
{[%clk 0:09:58]} 40. Ne1 {[%clk 0:34:12]} Kf5 {[%clk 0:39:26]} 41. Kd3
{[%clk 0:30:43]} h5 {[%clk 0:36:39]} 42. b4 {[%clk 0:28:36]} Bf6 {[%clk 0:35:02]}
43. a4 {[%clk 0:26:00]} g4 {[%clk 0:32:52]} 44. a5 {[%clk 0:22:43]} Nc6
{[%clk 0:29:26]} 45. hxg4+ {[%clk 0:16:47]} Kxg4 {[%clk 0:23:23]} 46. Nc2
{[%clk 0:09:53]} Bh4 {[%clk 0:19:46]} 47. Ke2 {[%clk 0:06:56]} Bxf2
{[%clk 0:15:43]} 48. Kxf2 {[%clk 0:07:23]} h4 {[%clk 0:16:01]} 49. c5
{[%clk 0:04:25]} d5 {[%clk 0:14:53]} 50. Kf1 {[%clk 0:01:20]} Kf5
{[%clk 0:14:43]} 51. Kf2 {[%clk 0:00:41]} Ke4 {[%clk 0:14:22]} 52. b5
{[%clk 0:00:53]} axb5 {[%clk 0:10:53]} 53. Ke2 {[%clk 0:00:41]} Nxa5
{[%clk 0:10:45]} 0-1

[Event "MP do lat 18 - dziewczeta"]
[Site "Sypniewo"]
[Date "2022.03.25"]
[Round "7.11"]
[White "Anyz, Monika"]
[Black "Sloniewska, Alicja"]
[Result "1/2-1/2"]
[BlackElo "1700"]
[WhiteElo "1651"]
[LiveChessVersion "1.4.8"]

1. e4 {[%clk 1:30:58]} c6 {[%clk 1:30:47]} 2. d4 {[%clk 1:31:22]} d5
{[%clk 1:31:00]} 3. e5 {[%clk 1:31:48]} Bf5 {[%clk 1:31:08]} 4. c4
{[%clk 1:32:10]} e6 {[%clk 1:31:17]} 5. Nc3 {[%clk 1:32:34]} Ne7 {[%clk 1:31:14]}
6. a3 {[%clk 1:32:46]} dxc4 {[%clk 1:30:45]} 7. Bxc4 {[%clk 1:33:10]} Nd7
{[%clk 1:30:01]} 8. Nge2 {[%clk 1:33:07]} Nb6 {[%clk 1:29:47]} 9. Bb3
{[%clk 1:33:22]} h6 {[%clk 1:27:16]} 10. Ng3 {[%clk 1:32:38]} Bg6
{[%clk 1:26:53]} 11. Nce4 {[%clk 1:31:51]} Ned5 {[%clk 1:24:10]} 12. O-O
{[%clk 1:31:32]} Qc7 {[%clk 1:20:34]} 13. f4 {[%clk 1:16:25]} O-O-O
{[%clk 1:14:04]} 14. Bd2 {[%clk 1:11:50]} Kb8 {[%clk 1:13:15]} 15. Rc1
{[%clk 1:07:33]} Be7 {[%clk 0:51:30]} 16. Qe2 {[%clk 0:56:03]} Bh7
{[%clk 0:44:11]} 17. f5 {[%clk 0:47:06]} Rhg8 {[%clk 0:37:06]} 18. fxe6
{[%clk 0:36:20]} fxe6 {[%clk 0:37:28]} 19. Qg4 {[%clk 0:36:02]} Qc8
{[%clk 0:30:06]} 20. Ba5 {[%clk 0:32:51]} Ne3 {[%clk 0:29:22]} 21. Qxe6
{[%clk 0:28:28]} Qxe6 {[%clk 0:28:38]} 22. Bxe6 {[%clk 0:28:46]} Nxf1
{[%clk 0:29:00]} 23. Rxf1 {[%clk 0:22:59]} Rgf8 {[%clk 0:28:49]} 24. Bc3
{[%clk 0:18:52]} Na4 {[%clk 0:26:54]} 25. Bf5 {[%clk 0:13:58]} Bg8
{[%clk 0:25:45]} 26. Nh5 {[%clk 0:12:49]} Bc4 {[%clk 0:23:10]} 27. Rf2
{[%clk 0:10:39]} g5 {[%clk 0:19:31]} 28. Nhf6 {[%clk 0:09:41]} Kc7
{[%clk 0:18:38]} 29. Nh7 {[%clk 0:05:45]} Rf7 {[%clk 0:17:05]} 30. Nhf6
{[%clk 0:02:34]} Nxc3 {[%clk 0:16:00]} 31. bxc3 Bxa3 {[%clk 0:13:21]} 32. Nd2
{[%clk 0:02:25]} Ba6 {[%clk 0:12:38]} 33. Bg6 {[%clk 0:02:00]} Re7
{[%clk 0:11:16]} 34. Ng4 {[%clk 0:01:49]} Rh8 {[%clk 0:09:44]} 35. Nf6
{[%clk 0:01:48]} Bc1 {[%clk 0:07:44]} 36. Nf1 {[%clk 0:01:32]} Rg7
{[%clk 0:07:00]} 37. Ne8+ {[%clk 0:01:11]} Rxe8 {[%clk 0:07:20]} 38. Bxe8
{[%clk 0:01:37]} Bc4 {[%clk 0:07:29]} 39. Rf6 {[%clk 0:01:32]} Bb2
{[%clk 0:06:11]} 40. Ne3 {[%clk 0:31:30]} Bb3 {[%clk 0:32:50]} 41. e6
{[%clk 0:26:37]} Bxc3 {[%clk 0:28:50]} 42. Nf5 {[%clk 0:26:30]} Re7
{[%clk 0:25:05]} 43. Bd7 {[%clk 0:19:12]} Rxd7 {[%clk 0:20:46]} 44. exd7
{[%clk 0:19:18]} Kxd7 {[%clk 0:21:09]} 45. Rxh6 {[%clk 0:19:02]} Bc2
{[%clk 0:20:23]} 46. g4 {[%clk 0:17:47]} Bxf5 {[%clk 0:20:19]} 47. gxf5
{[%clk 0:18:11]} Bxd4+ {[%clk 0:20:43]} 48. Kf1 {[%clk 0:18:34]} b5
{[%clk 0:20:04]} 49. Ke2 {[%clk 0:18:38]} a5 {[%clk 0:20:03]} 50. Kd3
{[%clk 0:18:21]} Be5 {[%clk 0:17:22]} 51. h3 {[%clk 0:13:33]} Bg3
{[%clk 0:15:58]} 52. Rh7+ {[%clk 0:07:44]} 1/2-1/2